<?xml version="1.0" encoding="UTF-8"?>
<record
    xmlns:xsi="http://www.w3.org/2001/XMLSchema-instance"
    xsi:schemaLocation="http://www.loc.gov/MARC21/slim http://www.loc.gov/standards/marcxml/schema/MARC21slim.xsd"
    xmlns="http://www.loc.gov/MARC21/slim">

  <leader>01920cpcaa2200349   4500</leader>
  <controlfield tag="001">mm 80082277 </controlfield>
  <controlfield tag="003">DLC</controlfield>
  <controlfield tag="005">20260227111705.0</controlfield>
  <controlfield tag="007">cr |||||||||||</controlfield>
  <controlfield tag="008">810119||||||||||||     a           eng  </controlfield>
  <datafield tag="010" ind1=" " ind2=" ">
    <subfield code="a">mm 80082277 </subfield>
  </datafield>
  <datafield tag="040" ind1=" " ind2=" ">
    <subfield code="a">DLC</subfield>
    <subfield code="c">DLC</subfield>
    <subfield code="e">dacs</subfield>
    <subfield code="d">DLC</subfield>
  </datafield>
  <datafield tag="072" ind1=" " ind2="7">
    <subfield code="a">R</subfield>
    <subfield code="2">lcmd</subfield>
  </datafield>
  <datafield tag="245" ind1="0" ind2="0">
    <subfield code="a">Floyd-McAdoo families papers,</subfield>
    <subfield code="f">1806-1894.</subfield>
  </datafield>
  <datafield tag="300" ind1=" " ind2=" ">
    <subfield code="a">6</subfield>
    <subfield code="f">microfilm reels.</subfield>
  </datafield>
  <datafield tag="506" ind1="0" ind2=" ">
    <subfield code="a">Open to research.</subfield>
  </datafield>
  <datafield tag="520" ind1="8" ind2=" ">
    <subfield code="a">Diaries, letterbooks, and other papers of Charles Rinaldo Floyd, John Floyd, Mary Faith Floyd McAdoo, and W.G. McAdoo.</subfield>
  </datafield>
  <datafield tag="533" ind1=" " ind2=" ">
    <subfield code="a">Microfilm of originals produced with permission of Brice Clagett.</subfield>
    <subfield code="b">Washington, D.C. :</subfield>
    <subfield code="c">Library of Congress Photoduplication Service,</subfield>
    <subfield code="d">1960.</subfield>
  </datafield>
  <datafield tag="535" ind1="1" ind2=" ">
    <subfield code="a">Private</subfield>
  </datafield>
  <datafield tag="545" ind1="0" ind2=" ">
    <subfield code="a">Members of the Floyd and McAdoo families.  John Floyd, U.S. Army officer; his son, Charles Rinaldo Floyd, U.S. Army officer; Charles's daughter, Mary Faith Floyd McAdoo, novelist; and her husband, W.G. McAdoo, U.S. and Confederate Army officer and lawyer.</subfield>
  </datafield>
  <datafield tag="546" ind1=" " ind2=" ">
    <subfield code="a">Collection material in English.</subfield>
  </datafield>
  <datafield tag="555" ind1="8" ind2=" ">
    <subfield code="a">Finding aid available in the Library of Congress Manuscript Reading Room and at</subfield>
    <subfield code="u">http://hdl.loc.gov/loc.mss/eadmss.ms010065</subfield>
  </datafield>
  <datafield tag="600" ind1="3" ind2="0">
    <subfield code="a">Floyd family.</subfield>
  </datafield>
  <datafield tag="600" ind1="3" ind2="0">
    <subfield code="a">McAdoo family.</subfield>
  </datafield>
  <datafield tag="700" ind1="1" ind2=" ">
    <subfield code="a">Floyd, Charles Rinaldo,</subfield>
    <subfield code="d">1797-1845.</subfield>
    <subfield code="t">Charles Rinaldo Floyd papers.</subfield>
    <subfield code="f">1816-1845.</subfield>
  </datafield>
  <datafield tag="700" ind1="1" ind2=" ">
    <subfield code="a">Floyd, John,</subfield>
    <subfield code="d">1769-1839.</subfield>
    <subfield code="t">John Floyd letterbooks and estate book.</subfield>
    <subfield code="f">1806-1830.</subfield>
  </datafield>
  <datafield tag="700" ind1="1" ind2=" ">
    <subfield code="a">McAdoo, Mary Faith Floyd,</subfield>
    <subfield code="d">1832-1913.</subfield>
    <subfield code="t">Mary Faith Floyd McAdoo diaries.</subfield>
    <subfield code="f">1870-1891.</subfield>
  </datafield>
  <datafield tag="700" ind1="1" ind2=" ">
    <subfield code="a">McAdoo, W. G.</subfield>
    <subfield code="q">(William Gibbs),</subfield>
    <subfield code="d">1820-1894.</subfield>
    <subfield code="t">W.G. McAdoo diaries.</subfield>
    <subfield code="f">1846-1894.</subfield>
  </datafield>
  <datafield tag="856" ind1="4" ind2=" ">
    <subfield code="3">Finding aid</subfield>
    <subfield code="u">http://hdl.loc.gov/loc.mss/eadmss.ms010065</subfield>
  </datafield>
  <datafield tag="856" ind1="4" ind2=" ">
    <subfield code="3">Finding aid (PDF)</subfield>
    <subfield code="u">http://hdl.loc.gov/loc.mss/eadmss.ms010065.3</subfield>
  </datafield>
  <datafield tag="999" ind1=" " ind2=" ">
    <subfield code="c">42948</subfield>
    <subfield code="d">42948</subfield>
  </datafield>
</record>
